000 00440nam a2200145Ia 4500
008 100122s9999 xx 000 0 und d
082 _b56004
_a823
100 _aवऱ्हाडपांडे वसंत
245 _aचित्रशाळा
260 _bआनंद अनंत अंतरकर
_c1981
300 _a121
630 _aचित्रशाळा
730 _aचित्रशाळा
942 _cBOOK
999 _c432527
_d432524